Choose the Chinese Characters - Statistics

General Stats
  • This quiz has been taken 19 times
  • The average score is 10 of 15
Answer Stats
Question Answer % Correct
Choose the Chinese character
100%
Choose the Chinese character
94%
Choose the Chinese character
88%
Choose the Chinese character
88%
Choose the Chinese character
82%
Choose the Chinese character
82%
Choose the Chinese character
82%
Choose the Chinese character
76%
Choose the Chinese character
76%
Choose the Chinese character
76%
Choose the Chinese character
53%
Choose the Chinese character
47%
Choose the Chinese character
35%
Choose the Chinese character
29%
Choose the Chinese character
6%
No matching quizzes found
Score Distribution
Percent of People with Each Score
Percentile by Number Answered
Your Score History
You have not taken this quiz